[Event "Athens of East GM-Open 2019"]
[Site "Madurai"]
[Date "2019.08.13"]
[Round "3.4"]
[White "Tukhaev, Adam"]
[Black "Hari Madhavan N B"]
[Result "1-0"]
[WhiteElo "2541"]
[BlackElo "2231"]
[Annotator "TA"]
[PlyCount "75"]
[EventDate "2019.08.11"]
[EventType "swiss"]
[EventCountry "IND"]
[SourceTitle "playchess.com"]
[Source "ChessBase"]
[SourceQuality "1"]

{[%evp 19,75,14,20,11,16,16,16,16,29,12,32,29,20,36,65,62,61,52,86,95,91,90,88,86,85,93,78,59,81,97,85,92,133,141,157,80,134,149,133,145,248,258,624,641,569,495,727,709,616,610,568,552,1891,1736,1607,1535,1297,1111]} 1. Nf3 d5 2. g3 Nf6 3. Bg2 c6 4. O-O Bf5 5. d3 h6 6. Nbd2 e6 7. e4 Bh7 8. Qe2 Be7 9. b3 O-O 10. Bb2 a5 11. a3 {A07: Réti Opening: New York and Capablanca Systems} Na6 (11... c5 12. Rfe1 a4 13. exd5 Nxd5 14. Ne5 axb3 15. Nxb3 Ra6 16. c4 Nf6 17. d4 cxd4 18. Nxd4 Qc8 {½-½ (57) Indjic,A (2540)-Nabaty,T (2579) Belgrade 2013}) 12. Ne5 Nc5 13. Kh1 {The position is equal.} Qb6 $146 ({Predecessor:} 13... Nfd7 14. Nxd7 Qxd7 15. f4 f5 16. exd5 exd5 {1-0 (74) Carlier,B (2415)-Glavina,P (2468) France 2003}) 14. Rad1 Rfd8 15. f4 dxe4 16. dxe4 Qb5 17. Qe3 Ncd7 18. Nd3 Nc5 {[%cal Rc5d3]} 19. Bxf6 gxf6 20. a4 Rxd3 21. Qe2 {[%mdl 64] Pin} (21. axb5 $2 {perishes.} Rxe3 22. bxc6 bxc6 $19) 21... Qa6 {White must now prevent ...Rd7.} 22. cxd3 Qxd3 23. Qg4+ Kh8 24. Qh5 {[%mdl 64] Double Attack} Kg7 25. f5 $36 {[%mdl 2048] Keeping Black busy.} Qc2 26. Nf3 {Nd4 is the strong threat.} e5 27. Rc1 (27. Qg4+ $142 $1 Kh8 28. Qh5) 27... Qxb3 {[#]} (27... Qb2 $142) 28. Qg4+ $1 $16 Kh8 {[#]} 29. Qh4 $1 {Hoping for Nxe5!} Nd3 (29... Kg7 $16) 30. Rb1 $18 Qxa4 $2 (30... Qa3 31. Rxb7 Qd6) 31. Rxb7 {White is clearly winning.} Qa3 32. Qxh6 Qd6 {[#]} (32... Kg8 $142 33. g4 (33. Qh5 Qd6 $18) 33... Qd6) 33. Ng5 $1 {[%mdl 512]} fxg5 34. f6 {[%csl Gf6][%cal Rh6g7]} Bf8 {[#]} 35. Qh5 $1 {[%mdl 512]} Bh6 36. Qxf7 {[%csl Gb7][%cal Rf7h7]} Bg8 {[#]} 37. Qh5 $1 {[%mdl 512]} Qf8 38. Rg7 {Accuracy: White = 78%, Black = 33%.} 1-0

[Event "Athens of East GM-Open 2019"]
[Site "Madurai"]
[Date "2019.08.13"]
[Round "3.5"]
[White "Mosadeghpour, Masoud"]
[Black "Patil, Pratik"]
[Result "1-0"]
[WhiteElo "2494"]
[BlackElo "2216"]
[Annotator "TA"]
[PlyCount "47"]
[EventDate "2019.08.11"]
[EventType "swiss"]
[EventCountry "IND"]
[SourceTitle "playchess.com"]
[Source "ChessBase"]
[SourceQuality "1"]

{[%evp 14,47,49,22,20,0,14,0,71,55,56,47,95,97,102,87,154,79,107,107,107,112,110,113,109,113,107,113,90,61,46,13,274,268,29997,29998]} 1. e4 c5 2. Nf3 e6 3. d4 cxd4 4. Nxd4 a6 5. Nc3 b5 6. Bd3 Bb7 7. O-O Ne7 8. Re1 Nec6 {B43: Sicilian: Kan Variation: 5 Nc3} (8... Nbc6 9. Nxc6 Bxc6 10. Bg5 Qb8 11. e5 Qb7 12. Bxe7 Bxe7 13. Be4 O-O 14. Qd3 Bxe4 15. Nxe4 Rac8 16. Rad1 {½-½ (30) Panarin,M (2558)-Kamsky,G (2673) Sochi 2015}) 9. Nxc6 Nxc6 10. e5 $146 ({Predecessor:} 10. Bf4 d6 11. Qg4 h5 12. Qe2 g5 13. Be3 Bg7 14. Rad1 g4 15. a4 b4 16. Na2 Bxb2 {0-1 (44) Qin,K (2370)-Landa,K (2560) Beijing 1997}) 10... d6 (10... b4 $11 11. Nb1 d5) 11. exd6 $1 $16 Bxd6 12. a4 b4 13. Ne4 Be7 14. Qg4 g6 (14... Qd5 $142) 15. Qg3 (15. Bh6 $142 $1) 15... O-O 16. Bh6 Re8 17. Rad1 $1 Qa5 18. Ng5 {Strongly threatening Nxf7!} Bf6 19. Qf4 Bxg5 20. Bxg5 {Black must now prevent Be4.} e5 21. Qh4 $40 {[%mdl 128] aiming for Bxg6! White attacks.} Nd4 22. Bf6 {Intending Qh6 and mate.} Re6 $2 {[%mdl 8192] [#]} (22... Qd5 $1 $11 {and Black has nothing to worry.} 23. Qg3 Re6 24. Rxe5 Rxe5 25. Bxe5 Nf5 {[%mdl 64] Back Rank}) 23. Re3 $1 $18 {Threatening mate with Qxh7+!} Qd5 $2 {[#]} (23... h5 $18 24. Bc4 Rae8 25. Bxe5 (25. Bxe6 Rxe6 26. Rxd4 exd4 $16) 25... Nf5 {[%mdl 64] Double Attack}) 24. Qxh7+ $1 {[%mdl 576] Back Rank. Accuracy: White = 67%, Black = 32%.} 1-0

[Event "Athens of East GM-Open 2019"]
[Site "Madurai"]
[Date "2019.08.13"]
[Round "3.6"]
[White "Lokesh, N.."]
[Black "Vasquez Schroeder, Rodrigo"]
[Result "1/2-1/2"]
[WhiteElo "2202"]
[BlackElo "2496"]
[Annotator "TA"]
[PlyCount "97"]
[EventDate "2019.08.11"]
[EventType "swiss"]
[EventCountry "IND"]
[SourceTitle "playchess.com"]
[Source "ChessBase"]
[SourceQuality "1"]

{[%evp 20,97,6,-4,-14,-9,20,0,0,0,0,-14,-4,-15,-13,-12,-6,-7,-11,-22,0,-15,-8,-113,-109,-120,-101,-162,-166,-146,-139,-200,-168,-214,-191,-252,-200,-373,0,0,0,0,43,66,45,45,50,75,52,0,0,0,81,0,109,68,112,8,9,0,97,100,78,9,132,118,126,0,0,0,0,0,0,0,0,0,0,0,0,0]} 1. e4 c5 2. Nf3 d6 3. d4 cxd4 4. Nxd4 Nf6 5. Nc3 a6 6. Be2 e6 7. O-O Qc7 8. f4 Be7 9. Bf3 O-O 10. Kh1 Nc6 11. g4 Nd7 {B84: Sicilian Scheveningen: 6 Be2 a6, lines without early Be3} 12. g5 Re8 13. Bg2 Nxd4 14. Qxd4 b5 {[#]} 15. f5 $146 ({Predecessor:} 15. a4 Bb7 16. axb5 axb5 17. Rxa8 Rxa8 18. f5 Bc6 19. fxe6 fxe6 {1-0 (33) Dvoirys,S (2572)-Sharafiev,A (2410) Voronezh 2012}) 15... Bb7 16. f6 Bf8 17. Qf2 Ne5 18. Bf4 g6 19. a3 Bc6 20. Qh4 a5 21. Bxe5 (21. Nd1 $11) 21... dxe5 $17 22. Rf3 b4 23. Rh3 (23. Nd1 $17) 23... h6 $1 $19 24. Nd1 Red8 25. Ne3 (25. gxh6 $17 Kh7 26. Qe1) 25... Rd2 26. Bf3 Qb7 27. Ng4 (27. Re1 $142 bxa3 28. bxa3) 27... h5 {Hoping for ...bxa3.} 28. Nf2 $2 (28. Re1 {was forced.} Bc5 29. axb4 axb4 30. Rf1) 28... Rxf2 $2 ({Black should play} 28... Bc5 $19 29. Nd3 Bd4) 29. Qxf2 $11 bxa3 30. bxa3 Bxe4 31. Bxe4 Qxe4+ 32. Qf3 Qd4 $1 {[%cal Rd4a1]} 33. Rd1 Qa7 34. Qe4 (34. Qc6 $1 $14) 34... Rc8 35. Rhd3 Qb6 (35... Qa6 $11 {remains equal.}) 36. Rd7 (36. a4 $1 $16) 36... Rb8 {[#]} (36... Qb2 $1 $11 37. R7d2 Qxa3) 37. a4 $1 $36 {[%mdl 2048] White has good play.} ({But not} 37. Qxe5 $2 Qc6+ 38. R7d5 Rc8 $19) 37... Bc5 38. c3 ({White should try} 38. R7d3 $16) 38... Bf8 $11 39. R1d2 Qa6 (39... Qc5 $11) 40. Kg2 $16 Qb6 41. h3 (41. Kf1 $16) 41... h4 (41... Qc5 $11 {keeps the balance.}) 42. Kh2 ({Don't play} 42. Qxe5 $6 Qc6+ 43. Kf2 Bc5+ 44. Ke2 Rb3 $11) 42... Qc5 {[#]} 43. Rd8 (43. c4 $1 $16) 43... Rxd8 $11 {The position is equal.} 44. Rxd8 {KQR-KQB} Qf2+ 45. Kh1 Qf1+ {[%mdl 64] Double Attack} 46. Kh2 {White wants to mate with Rxf8+!} Qf2+ 47. Kh1 {White threatens Rxf8+! and mate.} Qf1+ {[%mdl 64] Double Attack} 48. Kh2 {Threatening mate with Rxf8+!} Qf2+ 49. Kh1 {Accuracy: White = 36%, Black = 49%.} 1/2-1/2

[Event "Athens of East GM-Open 2019"]
[Site "Madurai"]
[Date "2019.08.13"]
[Round "3.7"]
[White "Venkatesh, M.R."]
[Black "Baivab Mishra"]
[Result "1-0"]
[WhiteElo "2480"]
[BlackElo "2215"]
[Annotator "TA"]
[PlyCount "119"]
[EventDate "2019.08.11"]
[EventType "swiss"]
[EventCountry "IND"]
[SourceTitle "playchess.com"]
[Source "ChessBase"]
[SourceQuality "1"]

{[%evp 14,119,19,27,27,12,20,12,36,20,18,0,51,63,90,83,79,98,113,106,102,79,79,81,82,85,308,313,308,310,302,310,352,345,352,268,243,272,276,273,280,270,273,274,328,166,197,171,197,186,198,179,183,185,177,137,132,120,204,200,177,185,245,245,245,222,222,206,273,263,263,276,283,283,283,268,422,237,187,200,243,223,437,527,489,470,437,387,303,306,339,303,908,673,1278,1183,4778,2148,29974,29975,29975,29976,29976,29977,29977,29970,29941,4627]} 1. Nf3 d5 2. g3 g6 3. Bg2 Bg7 4. d4 Nd7 5. c4 dxc4 6. Qa4 Ngf6 7. Nc3 O-O 8. Qxc4 Nb6 {D96: Grünfeld: Russian System (5 Qb3): sidelines} 9. Qd3 Nbd5 (9... Bf5 10. e4 Bg4 11. Ne5 Be6 12. Be3 Nfd7 13. Nxd7 Qxd7 14. b3 Rad8 15. Rd1 Bh3 16. O-O Bxg2 17. Kxg2 {½-½ (54) Grigoryan,K (2557)-Espinosa Aranda,A (2477) Roquetas de Mar 2019}) 10. O-O Nxc3 {The position is equal.} 11. Qxc3 $146 ({Predecessor:} 11. bxc3 Bf5 12. Qb5 Be4 13. Ba3 Re8 14. Rac1 Rb8 15. Rfd1 c6 16. Qb3 {½-½ (28) Wuest,H (2026)-Hohlfeld,W (2062) Bayerisch Eisenstein 2018}) 11... c6 12. Re1 Nd7 ({Better is} 12... Bf5 $11) 13. Bf4 $14 c5 {With the idea ...cxd4.} 14. e3 cxd4 15. exd4 Nf6 16. Bc7 $1 {[%cal Rc7d8]} Qe8 17. Ne5 Be6 18. Bxb7 {Threatens to win with Qa5.} Nd5 19. Qa5 $36 {[%mdl 2048] White has strong initiative.} Rc8 $2 (19... Nxc7 $16 {was worth a try.} 20. Qxc7 Rd8) 20. Bc6 $18 (20. Bxd5 Bxd5 21. Qxd5 Rxc7 $16) 20... Bxe5 21. Bxe8 Bxc7 22. Qa6 $1 ({Worse is} 22. Qxa7 Rcxe8 23. a3 Bb6 $11) 22... Nb4 23. Qa4 ({Less strong is} 23. Qxa7 Rfxe8 24. Qa4 Bd6 $11) 23... Bd6 24. Bd7 ({Not} 24. Qxa7 Rcxe8 25. Rxe6 fxe6 $14) 24... Bxd7 25. Qxd7 Rc7 26. Rxe7 Rxd7 27. Rxd7 Bb8 28. a3 Nd3 29. b4 (29. Rb7 $142) 29... Rc8 30. Rd1 Nb2 31. Rd2 $1 {[%cal Rd2b2]} Na4 32. d5 Nb6 {[#]} 33. Rb7 $1 Rd8 34. Rd3 Nc4 {[#]} 35. d6 $1 Nxd6 {[#]} (35... Kf8 $16 {was necessary.} 36. Kg2 Ke8) 36. Rxb8 $1 {[%mdl 576] Remove Defender, Deflection} Rxb8 37. Rxd6 $16 {[%mdl 4096] Endgame KR-KR} a5 (37... Rb5 $142 38. Ra6 Rb7) 38. bxa5 $18 Rb3 39. a6 Rxa3 40. h4 h5 41. Kf1 Ra2 42. Ke1 Kg7 43. f3 Ra3 44. Ke2 Kh7 (44... Kg8 {keeps fighting.} 45. Rd8+ Kh7) 45. Kf2 (45. Kd2 $142) 45... Kg7 46. Rc6 Kh7 47. g4 hxg4 $2 (47... Kg7 48. Rb6 Kf8) 48. fxg4 Kh6 49. Rf6 Ra4 50. Kf3 Kg7 51. Rb6 Kh6 52. Rd6 Ra3+ $2 (52... Kg7 53. Rb6 Kh6) 53. Kf4 Ra4+ 54. Ke5 f6+ 55. Rxf6 Rxg4 56. Rf4 {White mates.} Rg1 57. Ra4 Re1+ 58. Kd6 Rd1+ 59. Kc6 Rc1+ 60. Kb6 {Accuracy: White = 77%, Black = 46%.} 1-0

[Event "Athens of East GM-Open 2019"]
[Site "Madurai"]
[Date "2019.08.13"]
[Round "3.8"]
[White "Nikhil Magizhnan"]
[Black "Shyaamnikhil P"]
[Result "1/2-1/2"]
[WhiteElo "2164"]
[BlackElo "2456"]
[Annotator "TA"]
[PlyCount "62"]
[EventDate "2019.08.11"]
[EventType "swiss"]
[EventCountry "IND"]
[SourceTitle "playchess.com"]
[Source "ChessBase"]
[SourceQuality "1"]

{[%evp 11,62,-37,-33,-35,-44,-72,-10,-26,-4,-13,0,-9,33,40,35,35,37,34,35,33,36,23,29,17,35,25,39,13,22,-17,-15,0,4,4,4,10,6,0,0,0,0,0,17,0,0,0,0,0,0,0,0,0,431]} 1. e4 c5 2. c3 Nf6 3. e5 Nd5 4. g3 d6 5. exd6 Qxd6 6. Bg2 Nc6 7. Na3 {B22: Sicilian: 2 c3} (7. Ne2 Bg4 8. h3 Bxe2 9. Qxe2 e6 10. Na3 Be7 11. Nc4 Qd7 12. d3 O-O 13. O-O b5 14. Ne3 Rad8 15. d4 b4 16. dxc5 bxc3 17. Nxd5 exd5 18. bxc3 Bxc5 {½-½ (74) Cuartas,J (2481)-Timofeev,A (2596) Barcelona 2016}) 7... Bf5 8. Nb5 Qe5+ ({Better is} 8... Qe6+ $17 9. Qe2 Qxe2+ 10. Nxe2 O-O-O) 9. Ne2 $146 {[#] aiming for d4.} ({Predecessor:} 9. Qe2 Qxe2+ 10. Nxe2 O-O-O 11. d4 e6 12. Nf4 a6 13. Na3 cxd4 14. Nc4 Bc5 {0-1 (25) Villard,P (2095)-Kerek,K (2370) Eger 1999}) 9... Bd3 10. Bxd5 $1 Bxb5 11. c4 $132 {[%mdl 2048] White is not keeping still} Nd4 12. f4 Qxe2+ 13. Qxe2 Nxe2 14. Kxe2 Ba6 15. d3 e6 16. Bf3 O-O-O 17. Bd2 Be7 18. Bc3 Rhg8 19. Rhf1 Rd7 {The position is equal.} 20. f5 exf5 21. Bd5 Bd6 22. Rxf5 Re8+ 23. Kd2 f6 24. a3 {With the idea b4.} Rde7 {White must now prevent ...Re2+.} 25. Rf2 Kc7 26. b3 Be5 27. Bxe5+ Rxe5 28. Be4 h6 29. Raf1 b6 30. Rf5 Kd6 31. Rxe5 Kxe5 $4 {[%mdl 40960] Accuracy: White = 59%, Black = 56%. . An unexpected result.} (31... Rxe5 $11 {and Black stays safe.} 32. Rf4 Bc8) 1/2-1/2

[Event "Athens of East GM-Open 2019"]
[Site "Madurai"]
[Date "2019.08.13"]
[Round "3.9"]
[White "Khusenkhojaev, Muhammad"]
[Black "Priyanka, Kumari"]
[Result "1-0"]
[WhiteElo "2441"]
[BlackElo "1991"]
[Annotator "TA"]
[PlyCount "109"]
[EventDate "2019.08.11"]
[EventType "swiss"]
[EventCountry "IND"]
[SourceTitle "playchess.com"]
[Source "ChessBase"]
[SourceQuality "1"]

{[%evp 19,109,57,67,56,60,50,60,58,64,58,51,46,116,109,113,107,110,113,106,108,104,-35,-33,-60,-32,-37,-71,-66,-56,-62,-66,-60,15,39,37,18,75,45,51,64,82,104,296,296,294,294,243,189,189,189,189,187,164,168,261,259,241,258,291,291,342,342,342,342,465,342,342,342,342,342,342,335,335,309,1477,1411,1320,1265,1535,1481,5089,2146,29965,29958,29974,29975,29975,29976,29978,29979,29977,29977]} 1. c4 Nf6 2. Nc3 g6 3. g3 Bg7 4. Bg2 d6 5. d4 O-O 6. Nf3 Nc6 7. O-O Bg4 8. d5 Na5 9. b3 c5 10. Bd2 a6 11. h3 {E62: King's Indian: Fianchetto: 6...c6 and Panno Variation (6...Nc6) without ...a6} Bd7 (11... Bxf3 12. Bxf3 b5 13. cxb5 axb5 14. Nxb5 Qd7 15. a4 Qxh3 16. e4 h5 17. Bg2 Qg4 18. Ra3 Qxd1 19. Rxd1 {1-0 (41) Ding,L (2759)-Lin,C (2475) China 2017}) 12. e4 b5 13. e5 {White is slightly better.} Ne8 {[#]} 14. e6 $146 ({Predecessor:} 14. Qe1 dxe5 15. Nxe5 b4 16. Nd1 Nd6 17. Nb2 Re8 18. Nbd3 Rc8 {1-0 (31) Vakhidov,J (2518)-Al Huwar,J (2275) Ashkhabad 2017}) 14... fxe6 15. dxe6 Bc6 (15... Bxe6 $14 16. Ng5 Bd7) 16. Nd5 $16 Ra7 17. Ng5 bxc4 18. Nf7 Rxf7 19. exf7+ Kxf7 20. Qe1 (20. Qg4 $16) 20... Qa8 $1 $15 21. Bxa5 Bxd5 22. Bxd5+ Qxd5 23. Rb1 cxb3 24. Rxb3 c4 25. Rb8 Ra8 (25... Nf6 $1 $15) 26. Rxa8 $11 Qxa8 27. Qe3 Qc8 (27... d5 $11 {remains equal.}) 28. Re1 $36 {[%mdl 3072] White has strong compensation. White fights for an advantage.} Bf6 29. g4 Qc5 30. Qe6+ Kg7 $2 {[#]} (30... Kf8 $16 {was called for.} 31. Bd2 Ng7) 31. Bc3 $1 $18 {[%mdl 512]} Bxc3 32. Qxe7+ {[%mdl 64] Double Attack} Kh6 {aiming for ...Nf6.} 33. Qh4+ ({Stronger than} 33. Qxe8 Bxe1 34. Qxe1 Kg5 $19) 33... Kg7 34. Rxe8 {[%mdl 4096] Endgame White wants to mate with Qe7+. KQR-KQB} Bf6 {[#]} 35. g5 $1 Bxg5 {[#]} 36. Qg4 $1 {[%cal Rg4d7] Hoping for Qd7+.} Qb5 (36... Qf5 {keeps fighting.}) 37. Rc8 Qb1+ 38. Kh2 Qb7 39. Qxc4 Bf4+ 40. Kg1 Qb1+ 41. Kg2 {Rg8+ is the strong threat.} Qf5 42. Qg8+ Kh6 {intending ...Qe4+.} 43. Qf8+ Qxf8 44. Rxf8 {KR-KB} Bd2 45. Rf7 a5 46. f4 g5 $2 (46... Bc3 47. Rd7 Bb4) 47. f5 Bc3 48. Rd7 Be5 49. Kf3 Bf4 50. Ke4 Be5 51. Kd5 {White mates.} g4 52. hxg4 Kg5 53. Rxh7 Kxg4 54. Ke6 Kg5 55. Rh1 {Accuracy: White = 86%, Black = 35%.} 1-0

[Event "Athens of East GM-Open 2019"]
[Site "Madurai"]
[Date "2019.08.13"]
[Round "3.10"]
[White "Das, Sayantan"]
[Black "Balkishan, A.."]
[Result "1-0"]
[WhiteElo "2409"]
[BlackElo "2177"]
[Annotator "TA"]
[PlyCount "71"]
[EventDate "2019.08.11"]
[EventType "swiss"]
[EventCountry "IND"]
[SourceTitle "playchess.com"]
[Source "ChessBase"]
[SourceQuality "1"]

{[%evp 12,71,0,0,41,38,50,43,61,45,46,58,65,39,66,52,77,65,64,67,112,123,110,25,47,47,49,45,58,50,38,43,206,129,135,131,172,132,241,214,350,325,296,308,394,393,392,378,383,390,378,364,483,480,888,867,952,947,879,480,2404,2352]} 1. e4 c5 2. Nf3 d6 3. d4 cxd4 4. Nxd4 Nf6 5. Nc3 a6 6. h3 e5 7. Nde2 Nc6 {B90: Sicilian Najdorf: Unusual White 6th moves, 6 Be3 Ng4 and 6 Be3 e5} (7... h5 8. Nd5 Nxd5 9. Qxd5 Nc6 10. Qd1 Be6 11. Nc3 Rc8 12. Be3 Ne7 13. Be2 d5 14. exd5 Nxd5 15. Nxd5 Qxd5 {½-½ (26) Wang,H (2730)-Giri,A (2783) St Petersburg 2018}) 8. g4 Be6 {Black wants to play ...d5.} 9. Bg2 Be7 {White is slightly better.} 10. Be3 Rc8 11. Qd2 O-O 12. O-O Qc7 13. Rac1 Qb8 $146 ({Predecessor:} 13... b5 14. Nd5 Bxd5 15. exd5 {1-0 (48) Bollengier,A (2244)-Moldovan,C (2226) Curtea de Arges 2002}) 14. Nd5 Bd8 15. Ng3 Bxd5 16. exd5 Ne7 17. f4 ({White should try} 17. c4 $16) 17... exf4 $11 18. Bxf4 Nd7 19. Ne4 Bc7 $1 20. Kh1 Ng6 21. Bg3 $36 {[%mdl 2048] White has some pressure.} Nde5 $2 (21... Nge5 $14) 22. c4 b5 23. b3 Bb6 {[%cal Rb5c4]} 24. Qe2 Rfe8 (24... Bd8 $16) 25. cxb5 a5 (25... Rxc1 $142 26. Rxc1 a5) 26. Rxc8 $18 Rxc8 27. h4 Re8 28. h5 Nf8 {[#]} 29. h6 $1 {[%mdl 512]} Nfg6 (29... gxh6 30. Nf6+) 30. hxg7 Kxg7 31. Nf6 Re7 32. Be4 {White is clearly winning.} Qc8 (32... Qh8 $142 33. Qc2 Rc7) 33. Qh2 h6 {[#]} 34. g5 $1 {[%csl Gg5][%cal Rh2h6][%mdl 512]} Qh8 (34... hxg5 35. Qh7+) 35. gxh6+ Kf8 (35... Qxh6 $142 36. Qxh6+ Kxh6 37. Ng8+ Kg7) 36. Bxg6 {Accuracy: White = 74%, Black = 30%.} 1-0

[Event "Athens of East GM-Open 2019"]
[Site "Madurai"]
[Date "2019.08.13"]
[Round "3.11"]
[White "Muthaiah AL"]
[Black "Dusthageer, Ibrahim M."]
[Result "1/2-1/2"]
[WhiteElo "2384"]
[BlackElo "2156"]
[Annotator "TA"]
[PlyCount "74"]
[EventDate "2019.08.11"]
[EventType "swiss"]
[EventCountry "IND"]
[SourceTitle "playchess.com"]
[Source "ChessBase"]
[SourceQuality "1"]

{[%evp 14,74,15,18,29,10,7,-1,0,0,0,0,56,46,46,0,0,9,21,0,0,0,0,0,68,21,45,52,60,58,56,11,31,40,41,43,41,33,33,33,33,33,34,8,20,8,15,14,27,25,32,26,27,0,0,0,0,0,0,0,0,0,0]} 1. Nf3 Nf6 2. c4 e6 3. g3 d5 4. Bg2 d4 5. O-O c5 6. e3 Nc6 7. exd4 cxd4 8. d3 Be7 {A13: English Opening: 1...e6} (8... Bd6 9. Bg5 h6 10. Bxf6 Qxf6 11. Nbd2 Qe7 12. a3 a5 13. Ne4 Bc7 14. b4 axb4 15. axb4 Rxa1 16. Qxa1 Qxb4 {0-1 (43) Maghsoodloo,P (2673)-Matlakov,M (2692) Sharjah 2019}) 9. Bg5 O-O 10. Nbd2 h6 11. Bxf6 Bxf6 12. a3 e5 $146 (12... a5 $11) ({Predecessor:} 12... a5 13. Ne1 e5 14. Nc2 Be7 15. Re1 Bf5 16. Bxc6 bxc6 {½-½ (29) Dvalishvili,P (2407)-Zakhartsov,V (2503) Moscow 2019}) 13. b4 $14 Bf5 14. Qb3 Rc8 15. Rfe1 Re8 16. h3 b6 17. Rac1 Qd7 18. Kh2 a5 ({Black should play} 18... Re6 $11) 19. Ne4 (19. b5 $5 {[%cal Rb5c6]} Nd8 {[#]} 20. c5 $1 $11 {[%mdl 512]}) 19... Bxe4 20. Rxe4 axb4 21. axb4 Qd6 22. c5 Qb8 23. b5 bxc5 24. Rxc5 Na5 {[%cal Bc6a5,Ba5b3,Bb3c5][%mdl 32]} 25. Rxc8 Nxb3 26. Rxb8 Rxb8 27. Nxe5 {Strongly threatening Nd7.} Nc5 28. Nc6 Rxb5 29. Re8+ Kh7 30. Bd5 g6 31. Bc4 Rb7 32. Rc8 {Threatens to win with Na5.} Na4 33. Nd8 Rd7 {Hoping for ...Nb6.The position is equal.} 34. Nxf7 Nb6 35. Rc6 {[%mdl 64] [#] Double Attack} Nxc4 36. Rxf6 Kg7 $1 {[%csl LRf6,LRf7][%mdl 64] Double Attack} 37. Rc6 Rxf7 {Accuracy: White = 62%, Black = 67%.} 1/2-1/2

[Event "Athens of East GM-Open 2019"]
[Site "Madurai"]
[Date "2019.08.13"]
[Round "3.12"]
[White "Manigandan, S S"]
[Black "Konguvel, Ponnuswamy"]
[Result "0-1"]
[WhiteElo "2100"]
[BlackElo "2343"]
[Annotator "TA"]
[PlyCount "108"]
[EventDate "2019.08.11"]
[EventType "swiss"]
[EventCountry "IND"]
[SourceTitle "playchess.com"]
[Source "ChessBase"]
[SourceQuality "1"]

{[%evp 21,108,42,99,58,115,32,67,32,56,37,90,-6,-14,-37,-33,-19,4,-8,-5,-87,-110,-114,-110,-110,-104,-102,-101,-95,-92,-125,-79,-74,-78,-152,-162,-159,-160,-152,-160,-266,-72,-69,-81,-64,-73,-172,-158,-166,-129,-52,-66,-169,-126,-138,-157,-139,-140,-135,-147,-160,-92,-842,-802,-5254,-2626,-400,-385,-2277,-2069,-2072,-2022,-1430,-224,-219,0,-1184,-800,-29985,-29986,-29986,-29987,-29987,-29988,-29989,-29983,-29982,-2292,-29987,-29988]} 1. d4 Nf6 2. c4 g6 3. Nc3 Bg7 4. Nf3 O-O 5. e4 d6 6. Be2 e5 7. O-O Nc6 8. d5 Ne7 9. b4 Ne8 10. c5 f5 11. Nd2 Nf6 (11... a5 $14) 12. a4 {E97: King's Indian: Classical Main Line (6...e5 7 0-0 Nc6): 8 Be3 and 8 d5 Ne7, not 9 Ne1} Rf7 (12... fxe4 $14 13. Ndxe4 Nf5) 13. Ba3 {[#]} (13. f3 $16) 13... Bh6 $146 ({Predecessor:} 13... g5 14. b5 Bf8 15. a5 b6 16. axb6 axb6 17. cxd6 cxd6 18. Nc4 Ng6 19. exf5 Bxf5 {0-1 (35) Naumann,A (2480)-Gabriel,C (2581) Germany 1999}) 14. Bf3 {White is slightly better.} Bxd2 15. Qxd2 f4 ({Black should try} 15... b6 $14) 16. g3 ({White should play} 16. Be2 $16) 16... Bh3 $11 17. Bg2 Bxg2 18. Kxg2 Ng4 19. gxf4 exf4 {Threatening ...f3+.} 20. f3 (20. Kh1 $1 $11) 20... Ne3+ $17 {[%mdl 64] Double Attack} 21. Kh1 Nxf1 22. Rxf1 g5 23. Nb5 Ng6 24. Bb2 Qd7 25. Qc3 a6 26. Nd4 Re8 (26... Qxa4 $2 27. c6 $18) 27. Rg1 (27. cxd6 $142 cxd6 28. Nf5 Rxf5 29. exf5) 27... h6 $1 ({Wrong is} 27... Qxa4 $2 28. Nf5 $18 (28. Rxg5 Re5 $16)) 28. Ne6 Rxe6 ({Weaker is} 28... Qxa4 29. Nxg5 $1 {[%mdl 512]} hxg5 30. Rxg5 $11) 29. dxe6 Qxe6 30. Qd3 (30. cxd6 $17 {was worth a try.} cxd6 31. Rc1) 30... Ne5 $2 (30... dxc5 $1 $19 {has better winning chances.} 31. bxc5 Rd7) 31. Bxe5 dxe5 {[%mdl 4096] Endgame KQR-KQR} 32. Rd1 Qh3 33. b5 (33. Kg1 $17) 33... axb5 $1 $19 34. axb5 c6 35. b6 (35. bxc6 $17 bxc6 36. Kg1) 35... Kg7 36. Qc3 ({Better is} 36. Qf1 $15 Qxf1+ 37. Rxf1) 36... Re7 37. Qd3 Kg6 $1 38. Kg1 Kh5 39. Rd2 {[#]} Rg7 $1 {Threatens to win with ...g4.} 40. Qc3 {[#]} Rd7 (40... Rg8 $142 $1 41. Qc4 Ra8) 41. Rxd7 $4 {[%mdl 8192]} (41. Rd6 $17) 41... Qxd7 42. Qxe5 $17 {KQ-KQ} Qd1+ {[%mdl 64] Double Attack} 43. Kf2 Qd2+ 44. Kg1 $2 (44. Kf1 Qd3+ 45. Kf2) 44... Qe1+ 45. Kg2 Qe2+ 46. Kg1 Qe3+ $2 (46... Qxf3 47. Qd4 Qe3+ 48. Qxe3 fxe3) 47. Kg2 $19 Qe2+ $2 (47... Kh4 48. Qb2 Qxc5) 48. Kg1 Qxf3 49. Qe7 Qe3+ 50. Kf1 f3 51. Qf7+ {[#]} Kh4 $1 52. Qc4 g4 53. Qc2 Kg5 (53... Kh3 $142 54. Qf2 Qc1+ 55. Qe1 Qxe1+ {[%mdl 64] Overworked Piece} 56. Kxe1 Kg2 57. Kd2 f2 58. e5 f1=Q 59. e6 Qf2+ 60. Kd3 Qxc5 61. Kd2 Kxh2 62. Ke2 g3 63. e7 Qxe7+ 64. Kd1 g2 65. Kd2 g1=Q 66. Kc2 Qxb6 67. Kd1 Qb3+ 68. Kd2 Qee3#) 54. Qc4 Qd2 {Accuracy: White = 19%, Black = 54%.} 0-1